000 00879nam a2200253Ia 4500
001 150333
003 244006
005 20240712165127.0
008 160316s2014 ||||||||| 000 0 spa d
082 _a346043
100 _aVelásquez Jaramillo, Luis Guillermo
_9134777
245 0 _aBienes
_badaptada al Código general del proceso, al nuevo estatuto de registro, a la ley de garantías mobiliarias y al Código de Extinción del Dominio
250 _aDécimotercera edición revisada y puesat al día
260 _c2014.
504 _aIncluye bibliografía e índices de disposiciones y materias
562 _e4
650 0 _aBIENES RAÍCES--COLOMBIA
_9194071
650 _aDERECHO DE PROPIEDAD--COLOMBIA
_9182018
650 _aPOSESIÓN (DERECHO)--COLOMBIA
_9185044
650 _aPROPIEDAD--COLOMBIA
_9185045
942 _cBKM
999 _c150333
_d150333
526 _a51868
526 _a1697